000 00557nam a2200181 i 4500
001 86365
003 ES-MaACL
005 20230906175430.0
007 t|
008 041209s1930 sp ||||1| spa d
100 1 _aKardec, Allan.
_967552
245 1 0 _aEspiritismo moderno y reformado /
_cdado por Allan Kardec a los mediums del grupo "Amor y Vida" de Barcelona.
260 _aBarcelona :
_b[s.n.,
_c1930] (
_fTip. Cosmos)
300 _a103 p. ;
_c16 cm.
650 0 4 _aEspiritismo.
_912502
852 _aES-MaACL
_j1791-F-4
852 _aES-MaACL
_j1706-F-18
999 _c86365
_d86365